Recursos i glossari d’instal·lacions audiovisuals (Registre núm. 69288)
[ vista simple ]
| 000 -LEADER | |
|---|---|
| campo de control de longitud fija | 00862amm a2200253 4500 |
| 005 - FECHA Y HORA DE LA ÚLTIMA TRANSACCIÓN | |
| campo de control | 20250519152732.0 |
| 007 - CAMPO FIJO DE DESCRIPCIÓN FÍSICA--INFORMACIÓN GENERAL | |
| campo de control de longitud fija | cr |||||||| |
| 008 - DATOS DE LONGITUD FIJA--INFORMACIÓN GENERAL | |
| campo de control de longitud fija | 250519s2023 o d cat d |
| 041 ## - CÓDIGO DE IDIOMA | |
| Código de lengua del texto/banda sonora o título independiente | cat |
| 100 ## - ENTRADA PRINCIPAL--NOMBRE DE PERSONA | |
| Nombre de persona | Álvarez Calzada, Omar |
| 9 (RLIN) | 75797 |
| 245 ## - MENCIÓN DEL TÍTULO | |
| Título | Recursos i glossari d’instal·lacions audiovisuals |
| Medio | [en línia] |
| Mención de responsabilidad, etc. | Omar Álvarez Calzada |
| 260 ## - PUBLICACIÓN, DISTRIBUCIÓN, ETC. | |
| Lugar de publicación, distribución, etc. | Barcelona |
| Nombre del editor, distribuidor, etc. | Universitat Oberta de Catalunya |
| Fecha de publicación, distribución, etc. | 2023 |
| 300 ## - DESCRIPCIÓN FÍSICA | |
| Extensión | 101 p. |
| Otras características físicas | il. ; 1 document PDF |
| 520 ## - RESUMEN, ETC. | |
| Nombre de termes | aprox. 170 |
| 546 ## - NOTA DE IDIOMA | |
| Llengua de les definicions | català |
| 592 ## - Tipus obra | |
| Tipus d'obra | Obra terminològica |
| 593 ## - Codi CGAT | |
| Codi de la CGAT | TK |
| 593 ## - Codi CGAT | |
| Codi de la CGAT | TKI |
| 650 #0 - PUNTO DE ACCESO ADICIONAL DE MATERIA--TÉRMINO DE MATERIA | |
| Término de materia o nombre geográfico como elemento de entrada | audiovisuals |
| 9 (RLIN) | 74455 |
| 650 #0 - PUNTO DE ACCESO ADICIONAL DE MATERIA--TÉRMINO DE MATERIA | |
| Término de materia o nombre geográfico como elemento de entrada | multimèdia |
| 9 (RLIN) | 62794 |
| 856 ## - LOCALIZACIÓN Y ACCESO ELECTRÓNICOS | |
| Identificador Uniforme de Recursos | <a href="https://glossari-installacions-audiovisuals.recursos.uoc.edu/wp-content/uploads/2023/11/Recursos-i-glossari-dinstallacions-audiovisuals.pdf">https://glossari-installacions-audiovisuals.recursos.uoc.edu/wp-content/uploads/2023/11/Recursos-i-glossari-dinstallacions-audiovisuals.pdf</a> |
| 942 ## - ELEMENTOS DE ENTRADA SECUNDARIOS (KOHA) | |
| Tipo de ítem Koha | Monografia |
| Suprimir en OPAC | No |
| Fuente del sistema de clasificación o colocación | Clasificación Decimal Dewey |
| Estatus retirado | Estado de pérdida | Estado de daño | No para préstamo | Biblioteca de origen | Biblioteca actual | Fecha de adquisición | Total de préstamos | Signatura topográfica completa | Visto por última vez | Identificador Uniforme de Recursos | Precio de reemplazo | Tipo de ítem Koha |
|---|---|---|---|---|---|---|---|---|---|---|---|---|
| TERMCAT | TERMCAT | 19/05/2025 | Biblioteca electrònica | 19/05/2025 | https://glossari-installacions-audiovisuals.recursos.uoc.edu/wp-content/uploads/2023/11/Recursos-i-glossari-dinstallacions-audiovisuals.pdf | 19/05/2025 | MO |